000 01038nam a2200289Ia 4500
003 OSt
005 20221007121801.0
006 a|||||r|||| 00| 0
007 ta
008 221006b |||||||| |||| 00| 0 eng d
020 _a0896035891 (Spiral)
_c
_ 89.50
024 _a7472
037 _bN R Book,
_cTextual
040 _aBDL
_cBDL
_beng
041 _2eng
_aeng
082 _aI,11:1996, P0
100 _aDashek William V Ed
245 0 _aMethods in plant electron microscopy and cytochemistry ed by William V Dashek
260 _aNew
_bJersey Humana Press
_c2000
300 _axi,300p
_ccm.
500 _aIncludes bibliographical references; Index 295-300p; ^n23/CSL/Carb/00-01/629^d2001-02-26^mPurchase; ; 2000-2001/681^b2001-03-08^c174/2K^d2001-03-05^eRs.3,779.00^fN R Book Distributors; ; 2001-03-14^bSB^c2002-09-17^dRPS
650 _a Cell
_9650605
650 _a Microscopy
650 _aBotany
942 _hI,11:1996, P0
_cTEXL
_2CC
999 _c1209333
_d1209333